Normal view MARC view
  • SINGH, YOUD VIR, AND OTHERS

Entry Personal Name

Number of records used in: 6

001 - CONTROL NUMBER

  • control field: 4312

003 - CONTROL NUMBER IDENTIFIER

  • control field: OSt

005 - DATE AND TIME OF LATEST TRANSACTION

  • control field: 20180529111435.0

008 - FIXED-LENGTH DATA ELEMENTS

  • fixed length control field: 180529|| aca||aabn | a|a d

040 ## - CATALOGING SOURCE

  • Original cataloging agency: OSt
  • Transcribing agency: OSt

100 ## - HEADING--PERSONAL NAME

  • Personal name: SINGH, YOUD VIR, AND OTHERS

670 ## - SOURCE DATA FOUND

  • Source citation: Work cat.: (OSt): SINGH, YOUD VIR, AND OTHERS, BIBLIOGRAPHY OF DOCTORAL DISSERTATIONS SOCIAL SCIENCESS- 2016, 2017